Регионална библиотека "Любен Каравелов" - Русе

Кралят-демон (Запис номер 45840)

MARC детайли
000 -Лидер
Контролно поле с фиксирана дължина 01116nam a2200313 c 4500
003 - Код на организацията, давaща контролен номер
Контролно поле BLK
005 - Дата и час на последна редакция
Контролно поле 20180422101146.0
008 - Елементи от данни с фиксирана дължина
fixed length control field 180408b bul|||||r ||||||| ||bul||
010 ## - Наследен системен номер
LC control number KNG00049640000
020 ## - Международен стандартен номер на книга ISBN
Международен стандартен номер на книга ISBN 954-585-610-6
-- издат.: Бард
040 ## - Източник на каталожния запис
Идентификатор на билиотеката - собственик на записа BLK
041 ## - Код за език
Код за езика на текст/звукозапис или на отделно заглавие Български
Код за езика КДБФ Български
080 ## - УДК
Текстов определител УДК Американска литература (на САЩ)
УДК код - определител по УДК 821.111(73)
УДК определител -312.9
УДК - код + определител 821.111(73)-312.9
100 1# - Редна дума - Автор
Автор Бънч, Крис
Авторска отговорност първи автор
R(LIN) 44385
139 ## - Редно поле
Редна дума Бънч, Крис
Авторски знак Бъл - Б 92
245 10 - Сведения за заглавието
Заглавие Кралят-демон
Подзаглавни данни Роман
Редно поле (дума) Крис Бънч; прев. Валерий Русинов.
257 ## - Страна на издаване
Страна на създаване/издаване Съединени американски щати
260 ## - Област на издателските данни
-- София
Име на издателя, разпространителя и проч. Бард
Година на издаване 2005
300 ## - Физическа характеристика
Страници 512 с.
Размери/Мащаб 21 см
380 ## - Жанр
Жанр Худож. лит.
490 1# - СЕРИИ (Колекции)
Име на серия Антерос
500 ## - Общи забележки
Забележка Ориг. загл. The Demon King / Chris Bunch. - Офс. изд. Кн. 2 от трилогията Антерос
700 1# - Други автори (авторска отговорност)
Лично име Русинов, Валерий
Автороска отговорност (Описва отношението между автора и произведението) прев.
9 (RLIN) 365206
852 ## - Местоположение
Форматна сигнатура Цб 223483
856 4# - Електронен адрес и достъп
Електронен формат pdf - файл
Път до файла /url/
856 4# - Електронен адрес и достъп
Електронен формат pdf - файл
Път до файла /url/
942 ## - АРТИКУЛИ
Вид на библиотечния материал Книги
Скрит в OPAC Не
944 ## - СЪЗДАВАНЕ И РЕДАКЦИЯ на ЗАПИСА
Създаване/Редакция Създаване
Дата на регистрацията/редакция 25.04.2005
Служител, извършил регистрацията/редакцията Геновева_Генчева
944 ## - СЪЗДАВАНЕ И РЕДАКЦИЯ на ЗАПИСА
Създаване/Редакция Редакция
Дата на регистрацията/редакция 25.01.2007
Служител, извършил регистрацията/редакцията
999 ## - СИСТЕМНИ КОНТРОЛНИ НОМЕРА
Koha biblionumber 45840
Koha biblioitemnumber 45840
Наличности
Код за отписване Код за изгубен артикул Източник на класификационната схема Код за повреда Коз за рестрикции Код за отдаване Артикулен № Име на библиотеката - собственик Име на библиотеката, в която се намира в момента Статус (Текущо местоположение) Дата на вписване в системата Местоположение - отдел Цена в лева Инвентарен номер Систематично азбучна сигнатура Баркод Номер на екземпляра Цена в евро Служебна бележка Служебен тип на артикула
Изтеглен Не е изгубен Universal Decimal Classification Не е повреден без рестрикции заемане за дома 72215 Регионална библиотека "Любен Каравелов" Русе Регионална библиотека "Любен Каравелов" Русе Заемна - подръчен фонд 2005-04-25 Заемна - подръчен фонд 9.99 120000693518 П 820(73)-31/Б 92 120000693518 1 5.11 Дост: Pk Вид: Ф N: 8а Дата: 21.04.2005 Книги
  Не е изгубен   Не е повреден без рестрикции ползва се в читалня 72216 Регионална библиотека "Любен Каравелов" Русе Регионална библиотека "Любен Каравелов" Русе Хранилище 2007-01-22 Хранилище 9.99 120000708657 Цб 223483 120000708657 2 5.11 Дост: Dp Вид: Д N: 7 Дата: 25.01.2006 Книги
Vip Innovations Ltd, Rousse, Bulgaria 2025